00000000nam 2200000za 4500
0019.688746
003CaOODSP
00520220901140045
007cr |||||||||||
008150407|2004||||xxc|||||o    f|0| 0 eng d
040 |aCaOODSP|beng
043 |an-cn---
0861 |aJ2-213/2004E-PDF
1101 |aCanada.|bJustice Canada.
24510|aWorking with victims of crime : |h[electronic resource]|ba manual applying research to clinical practice / |c[by] James K. Hill. Issued by the Policy Centre for Victim Issues.
260 |aOttawa - Ontario : |bJustice Canada |c2004.
300 |a51p. : |breferences, tables ; |e6 information sheets: Working with victims of crime - the basics.
5203 |aThis manual is a tool for those who deliver front-line services to crime victims. It examines the research and theory for several topics and then discusses how to apply them. Topics include: self-care for the service provider; a model of victimization and recovery; common reactions to crime; how crime victims cope; a model for client change; and assessment issues that a service provider should consider. Includes information sheets and a comprehensive bibliography.
590 |a06-32|b2006-08-11
69007|aCriminal justice|2gcpds
69007|aVictims|2gcpds
77508|tGuide de traitement des victimes d'actes criminels : |w(CaOODSP)9.633163
7760#|tWorking with victims of crime : |w(CaOODSP)9.650276
794 |tWorking with victims of crime : |w(CaOODSP)9.691957
85640|ahttp://publications.gc.ca|qPDF|s754 KB|uhttps://publications.gc.ca/collections/Collection/J2-213-2004E.pdf
85640|ahttp://publications.gc.ca|qPDF|s390 KB|uhttps://publications.gc.ca/collections/Collection/J2-213-2004Eb.pdf
85640|ahttp://publications.gc.ca|qPDF|s359 KB|uhttps://publications.gc.ca/collections/Collection/J2-213-2004Ee.pdf
85640|ahttp://publications.gc.ca|qPDF|s352 KB|uhttps://publications.gc.ca/collections/Collection/J2-213-2004Ef.pdf
85640|ahttp://publications.gc.ca|qPDF|s381 KB|uhttps://publications.gc.ca/collections/Collection/J2-213-2004Ec.pdf
85640|ahttp://publications.gc.ca|qPDF|s352 KB|uhttps://publications.gc.ca/collections/Collection/J2-213-2004Ea.pdf
85640|ahttp://publications.gc.ca|qPDF|s333 KB|uhttps://publications.gc.ca/collections/Collection/J2-213-2004Ed.pdf